Statistics for European Football Clubs - Map Quiz

Click here to take the quiz!

General Stats

  • This quiz has been taken 370 times
  • The average score is 25 of 36

Answers on the Map

Answers color-coded by a green-red scale on the quiz's map according to % correct below.
 

Answer Stats

Answer% Correct
Arsenal
87%
Paris St-Germain
85%
Benfica
84%
Man United
83%
Marseille
83%
Ajax
82%
Atlético
80%
Bayern München
79%
Anderlecht
77%
Espanyol
77%
Lazio
77%
Dynamo Kyiv
76%
USC Palermo
76%
Internazionale
74%
Panathinaikos
74%
SSC Napoli
74%
HJK Helsinki
73%
St Patrick's
73%
Legia Warszawa
72%
Rapid Wien
71%
Real Betis
71%
Zenit
71%
Hertha BSC
69%
Spartak
68%
Red Star
67%
Slavia Praha
67%
Leverkusen
66%
Hibernian
65%
Brøndby IF
62%
Steaua
60%
Djurgårdens IF
54%
Servette
54%
Željezničar
49%
Újpest
43%
Vålerenga
38%
Valur
36%

Score Distribution

Percentile by Number Answered

Percent of People with Each Score

Your Score History

You have not taken this quiz